|
|
|
|
| LEADER |
00000nab a2200000 a 4500 |
| 001 |
vtls000135378 |
| 003 |
SK-MaSNL |
| 005 |
20260304055650.0 |
| 008 |
220423c1983 xo 0 slo |
| 015 |
|
|
|a SNBRB19rr/mm-uuuuu
|
| 035 |
|
|
|a CL0145484
|
| 040 |
|
|
|a SNKBUCL
|b slo
|c SNKBUCL
|e AACR2
|
| 041 |
0 |
|
|a slo
|
| 044 |
|
|
|a xo
|c SK
|
| 080 |
|
|
|a 327(100-11)(47+57)
|2 1981
|
| 080 |
|
|
|a 327(100-12)(73)
|2 1981
|
| 080 |
|
|
|a 327.3
|2 1981
|
| 080 |
|
|
|a 355/359
|2 1981
|
| 245 |
0 |
0 |
|a Sovietsky zväz a Spojené štáty: Dvojaký prístup k rokovaniu SALT
|b Radakčný článok Pravdy, orgánu ÚV KSSZ
|
| 650 |
0 |
7 |
|a zbrane strategické
|2 snkbucl
|9 1341754
|
| 650 |
0 |
7 |
|a Salt
|2 snkbucl
|9 1341755
|
| 651 |
|
7 |
|a Spojené štáty americké
|2 snkbucl
|9 18262
|
| 651 |
|
7 |
|a Sovietsky zväz
|2 snkbucl
|9 22126
|
| 655 |
|
7 |
|a články z novín a časopisov
|2 snkbucl
|9 267496
|
| 773 |
0 |
|
|t Pravda
|g Roč. 64, č. 1 (3. 1. 1983), s. 1 a 4
|
| 850 |
|
|
|a Slovenská národná knižnica v Martine
|a MTA001
|
| 852 |
|
|
|a SNK
|b KIS3GCP
|
| 958 |
|
|
|a RK
|
| 958 |
|
|
|a ME
|
| 992 |
|
|
|a RBX
|
| 999 |
|
|
|c 2725821
|d 2727751
|